000 00551nam a2200205Ia 4500
005 20250923150304.0
008 008 250917s9999 xx 000 0 eng d
037 _aTextual
040 _aDSWL
_beng
_cDSWL
041 _aeng
_2eng
084 _qDSWL
100 _aFerguson, Iain
_9844325
245 0 _aRethinking welfare : A critical perpectives
_cby Iain Ferguson
260 _aLondon
_bSage Publications UK
_c2002
300 _a211 p.
365 _aGBP
_b21 . 99
925 _g21 . 99
942 _cTEXL
999 _c1461718
_d1461718